| 000 | 00934nam0a22002531 4500 | ||
|---|---|---|---|
| 001 | rc\2589776 | ||
| 005 | 20260405201223.0 | ||
| 035 | _a(NLR Aleph) 006754097 | ||
| 090 |
_a5775208 _c5775208 |
||
| 100 | _a20110914d1929 |||y0rusy50 ca | ||
| 101 | 0 | _arus | |
| 102 | _aRU | ||
| 105 | _ay z |||a| | ||
| 200 | 1 |
_aДве дороги _eПовесть _fВл. Владимиров |
|
| 210 |
_aМосква _aЛенинград _cЗемля и фабрика _d1929 _eЛенинград _gГосуд. тип. изд-ва "Ленингр. правда" |
||
| 215 |
_a190, [2] с. _d21х14 см. |
||
| 300 | _aОбложка: Б. Титов | ||
| 700 | 1 |
_7ca _8rus _aВладимиров _bВ. Н. _cдетский писатель _f1896-1966 _gВладимир Николаевич _3RU\NLR\auth\7788779 _971707 |
|
| 801 | 0 |
_aRU _bNLR _gpsbo |
|
| 801 | 1 |
_aRU _bELAR _2rusmarc |
|
| 852 |
_aNLR _j73/404 |
||
| 942 | _cBOOK | ||
| 980 | _aNB | ||